| 000 | 00644nam a2200205 a 4500 | ||
|---|---|---|---|
| 003 | OSt | ||
| 005 | 20240226145750.0 | ||
| 008 | 180220t2008 pk | |||| 000 f urd d | ||
| 020 | _a9789693503388 | ||
| 040 | _c0 | ||
| 082 |
_a891.4393 _bQUR 2008 |
||
| 100 | 1 |
_aقرۃالعين حيدر _9121321 |
|
| 245 | 1 | 0 |
_aسفينہٓ غم دل _cQurat Ul Ain Haider |
| 246 | _aSafina-e-Ghum-e-Dill | ||
| 260 |
_aLahore: _bSang e Meel Pub; _c2008. |
||
| 300 | _a255 p. | ||
| 650 |
_aUrdu literature _vNovel. _9876 |
||
| 942 |
_2ddc _cBK _aSADA _k891.4393 QUR 2008 |
||
| 999 |
_c608225 _d608225 |
||